Statistics for Man City Premiership scorers since 2008/09

Click here to take the quiz!

General Stats

  • This quiz has been taken 49 times
  • The average score is 25 of 57

Answer Stats

Most recent season scored inPositionAnswer% Correct
2017/18StrikerSergio Aguero
100%
2017/18DefenderVincent Kompany
91%
2017/18WingerRaheem Sterling
91%
2017/18MidfielderDavid Silva
88%
2017/18MidfielderBernardo Silva
88%
2016/17MidfielderYaya Toure
81%
2017/18MidfielderKevin De Bruyne
78%
2010/11DefenderKolo Toure
78%
2017/18StrikerGabriel Jesus
72%
2014/15StrikerEdin Dzeko
69%
2016/17DefenderPablo Zabaleta
66%
2008/09StrikerJo
66%
2017/18WingerLeroy Sane
66%
2017/18MidfielderFernandinho
66%
2012/13StrikerCarlos Tevez
63%
2017/18DefenderNico Otamendi
63%
2008/09WingerRobinho
59%
2015/16MidfielderSamir Nasri
59%
2012/13StrikerMario Balotelli
59%
2016/17DefenderAleksander Kolarov
56%
2017/18MidfielderIlkay Gundogan
56%
2015/16MidfielderFernando
56%
2014/15MidfielderJames Milner
50%
2012/13MidfielderGareth Barry
50%
2010/11StrikerEmanuel Adebayor
50%
2013/14WingerJesus Navas
47%
2009/10StrikerCraig Bellamy
47%
2016/17DefenderGael Clichy
47%
2009/10WingerShaun Wright Phillips
44%
2011/12MidfielderAdam Johnson
44%
2014/15MidfielderFrank Lampard
41%
2017/18MidfielderFabian Delph
38%
2013/14StrikerAlvaro Negredo
34%
2008/09StrikerDaniel Sturridge
31%
2012/13DefenderJoleon Lescott
31%
2011/12DefenderMicah Richards
31%
2017/18DefenderDanilo
31%
2008/09MidfielderElano
25%
2014/15StrikerStevan Jovetic
25%
2008/09StrikerBenjani
25%
2009/10StrikerRoque Santa Cruz
25%
2016/17StrikerKelechi Iheanacho
22%
2010/11MidfielderNigel De Jong
22%
2010/11MidfielderPatrick Vieira
22%
2009/10MidfielderStephen Ireland
22%
2012/13MidfielderJack Rodwell
19%
2014/15DefenderMartin Demichelis
19%
2015/16StrikerWilfried Bony
16%
2016/17WingerNolito
16%
2009/10WingerMartin Petrov
13%
2008/09DefenderVedran Corluka
9%
2011/12DefenderStefan Savic
6%
2008/09StrikerValeri Bojinov
3%
2008/09StrikerFelipe Caicedo
3%
2012/13MidfielderJavi Garcia
3%
2009/10DefenderNedum Onuoha
3%
2009/10DefenderJavier Garrido
0%

Score Distribution

Percentile by Number Answered

Percent of People with Each Score

Your Score History

You have not taken this quiz